00473nam a2200193 a 4500001001300000003000900013005001700022008004100039020001000080082001300090100002000103245002300123260002500146300000900171500003500180505002200215650002200237700002000259nice12345678IN_TiNIC20260116011251.0050524s1927 lona grp 000 0 eng  ac10000a223bSEL aSell, Canon D D aWisdom Literature. aLondon bSPCK c1927 a138p aincludes index and biblioraphy2 aAppendix, Indices aWisdom Literature1 aSell, Canon D D